Three-Dimensional Television, Video, and Display Technologies /

Saved in:
Bibliographic Details
Main Author: Javidi, Bahram (autor)
Other Authors: Okano, Fumio (autor) (autor)
Format: Book
Language:English
Published: Berlín, Alemania : Springer, 2002, c2002
Subjects:
Tags: Add Tag
No Tags, Be the first to tag this record!

MARC

LEADER 00000nam^a2200000^a^4500
001 000153950
005 20250521000000.0
009 20260310100336.851
020 |a 3-540-43549-2 
037 |a Acervo ITESO - Biblioteca 
041 |a ING 
082 |a 621. 388  |b JAV 
100 |a Javidi, Bahram  |e (autor) 
245 1 0 |a Three-Dimensional Television, Video, and Display Technologies /  |c Ed. de B. Javidi, F. Okano. 
264 4 |a Berlín, Alemania :  |b Springer,  |c 2002, c2002 
300 |a XXIII, 495 p. 
336 |a texto  |b txt  |2 rdacontenido 
337 |a sin mediación  |b n  |2 rdamedio 
338 |a volumen  |b nc  |2 rdasoporte 
649 |a XX 
650 |a Video -  |x Aspectos Tecnológicos 
650 |a Televisión -  |x Aspectos Tecnológicos 
650 |a Tercera Dimensión 
650 |a Multimedia 
650 |a Compresión de Imágenes 
650 |a Manipulación de Imagen por Computadora 
650 |a Imagen 
650 |a Proceso Electrónico de Datos 
650 |a Tecnologías de Comunicación e Información 
650 |a Comunicación Visual 
650 |a Telecomunicaciones 
650 |a Electrónica Digital 
650 |a Electrónica 
650 |a Ingeniería Computacional 
650 |a Ingeniería Electrónica 
700 |a Okano, Fumio  |e (autor) 
910 |a Fondo General 
920 |a Impresos - Libros 
930 |a Colección General 
905 |a 101 
901 |a 0500086155  |b IT1  |c ACC  |u 20250521 
902 |a https://opac.biblio.iteso.mx/vufind/Record/000153950